[Event "Fagernes International 2022"]
[Site "Fagernes"]
[Date "2022.04.12"]
[Round "3.3"]
[White "Amundsen, Ask"]
[Black "Rynning, Rune Kleiven"]
[Result "1/2-1/2"]
[WhiteElo "1819"]
[BlackElo "1694"]
[Annotator "NA RC"]
[PlyCount "116"]
[EventDate "2022.04.10"]
[EventCountry "NOR"]
[SourceTitle "playchess.com"]
[Source "ChessBase"]
[SourceQuality "1"]

1. e4 {[%emt 0:00:04]} c5 {[%emt 0:00:07]} 2. Nf3 {[%emt 0:00:21]} d6 {[%emt 0:00:07]} 3. d4 {[%emt 0:00:06]} cxd4 {[%emt 0:00:06]} 4. Nxd4 {[%emt 0:00:06]} Nf6 {[%emt 0:00:07]} 5. Nc3 {[%emt 0:00:05]} a6 {[%emt 0:00:07]} 6. Be3 {[%emt 0:00:07]} e5 {[%emt 0:00:05]} 7. Nb3 {[%emt 0:00:07]} Be6 {[%emt 0:00:13]} 8. f3 {[%emt 0:00:07]} h5 {[%emt 0:00:05]} 9. Qd2 {[%emt 0:00:09]} Nbd7 {[%emt 0:00:18]} 10. O-O-O {[%emt 0:00:11]} Be7 {[%emt 0:00:11]} 11. Kb1 {[%emt 0:00:57]} b5 {[%emt 0:00:08]} 12. h3 {[%emt 0:00:18]} Rc8 {[%emt 0:01:10]} 13. Nd5 {[%emt 0:05:26]} Nxd5 {[%emt 0:01:40]} 14. exd5 {[%emt 0:00:09]} Bf5 {[%emt 0:00:09]} 15. Bd3 {[%emt 0:00:10]} Bxd3 {[%emt 0:00:35]} 16. Qxd3 {[%emt 0:00:12]} Bg5 {[%emt 0:01:05]} 17. Rhe1 {[%emt 0:09:20]} Bxe3 {[%emt 0:07:28]} 18. Rxe3 {[%emt 0:03:33]} Qc7 {[%emt 0:11:59]} 19. f4 {[%emt 0:16:22]} Qc4 {[%emt 0:01:15]} 20. fxe5 {[%emt 0:05:06]} Qxd3 {[%emt 0:00:42]} 21. cxd3 {[%emt 0:02:22]} dxe5 {[%emt 0:01:13]} 22. d4 {[%emt 0:00:21]} f6 {[%emt 0:01:37]} 23. dxe5 {[%emt 0:00:59]} Nxe5 {[%emt 0:02:16]} 24. Nd4 {[%emt 0:03:31]} Kd7 {[%emt 0:11:19]} 25. Ne6 {[%emt 0:06:38]} g6 {[%emt 0:09:37]} 26. Ra3 {[%emt 0:01:39]} Ra8 {[%emt 0:05:41]} 27. Rxa6 {[%emt 0:02:06]} Rxa6 {[%emt 0:00:40]} 28. Nc5+ {[%emt 0:00:04]} Kd6 {[%emt 0:00:45]} 29. Nxa6 {[%emt 0:00:09]} Re8 {[%emt 0:14:43]} 30. Re1 {[%emt 0:04:49]} Rc8 {[%emt 0:06:04]} 31. Nb4 {[%emt 0:00:47]} Rc4 {[%emt 0:01:38]} 32. a3 {[%emt 0:01:48]} h4 {[%emt 0:09:34]} 33. b3 {[%emt 0:03:47]} Rc3 {[%emt 0:04:37]} 34. Kb2 {[%emt 0:09:08]} Rg3 {[%emt 0:00:44]} 35. Re2 {[%emt 0:00:38]} f5 {[%emt 0:01:23]} 36. Rc2 {[%emt 0:06:33]} f4 {[%emt 0:08:11]} 37. a4 {[%emt 0:01:15]} bxa4 {[%emt 0:00:02]} 38. bxa4 {[%emt 0:00:12]} f3 {[%emt 0:02:31]} 39. gxf3 {[%emt 0:00:20]} Rxf3 {[%emt 0:06:20]} 40. a5 {[%emt 0:02:03]} Nd3+ {[%emt 0:01:28]} 41. Kb3 {[%emt 0:02:52]} Nxb4+ {[%emt 0:06:00]} 42. Kxb4 {[%emt 0:01:16]} Rxh3 {[%emt 0:13:16]} 43. a6 {[%emt 0:00:26]} Rf3 {[%emt 0:02:23]} 44. a7 {[%emt 0:03:10]} Rf8 {[%emt 0:00:24]} 45. Kb5 {[%emt 0:00:11]} Kxd5 {[%emt 0:00:58]} 46. Rg2 {[%emt 0:16:24]} Ke5 {[%emt 0:04:11]} 47. Rg4 {[%emt 0:03:47]} g5 {[%emt 0:00:53]} 48. Rxg5+ {[%emt 0:00:44]} Kf4 {[%emt 0:00:17]} 49. Rg7 {[%emt 0:00:24]} Ra8 {[%emt 0:00:44]} 50. Rf7+ {[%emt 0:00:18]} Kg3 {[%emt 0:00:18]} 51. Rg7+ {[%emt 0:00:10]} Kf2 {[%emt 0:00:51]} 52. Rf7+ {[%emt 0:00:45]} Kg2 {[%emt 0:00:30]} 53. Kb6 {[%emt 0:00:35]} h3 {[%emt 0:01:01]} 54. Rg7+ {[%emt 0:00:12]} Kf2 {[%emt 0:00:19]} 55. Kb7 {[%emt 0:00:08]} Rxa7+ {[%emt 0:00:37]} 56. Kxa7 {[%emt 0:00:06]} h2 {[%emt 0:00:16]} 57. Rh7 {[%emt 0:00:03]} Kg2 {[%emt 0:00:10]} 58. Rxh2+ {[%emt 0:00:04]} Kxh2 {[%emt 0:00:19]} 1/2-1/2

[Event "Fagernes International 2022"]
[Site "Fagernes"]
[Date "2022.04.12"]
[Round "3.4"]
[White "Gasland, Lukas Dominik"]
[Black "Ali, Karim"]
[Result "1-0"]
[WhiteElo "1478"]
[BlackElo "1786"]
[Annotator "NA RC"]
[PlyCount "65"]
[EventDate "2022.04.10"]
[EventCountry "NOR"]
[SourceTitle "playchess.com"]
[Source "ChessBase"]
[SourceQuality "1"]

1. d4 {[%emt 0:00:04]} e6 {[%emt 0:01:09]} 2. c4 {[%emt 0:00:13]} b6 {[%emt 0:00:05]} 3. Nc3 {[%emt 0:00:22]} Bb7 {[%emt 0:00:07]} 4. Nf3 {[%emt 0:00:15]} Bb4 {[%emt 0:00:31]} 5. e3 {[%emt 0:02:34]} f5 {[%emt 0:00:23]} 6. Bd2 {[%emt 0:00:10]} Nf6 {[%emt 0:01:39]} 7. a3 {[%emt 0:00:20]} Bxc3 {[%emt 0:00:21]} 8. Bxc3 {[%emt 0:00:07]} Ne4 {[%emt 0:00:16]} 9. Qc2 {[%emt 0:00:45]} Nxc3 {[%emt 0:02:12]} 10. Qxc3 {[%emt 0:00:13]} O-O {[%emt 0:05:52]} 11. Bd3 {[%emt 0:00:22]} a5 {[%emt 0:04:50]} 12. Ke2 {[%emt 0:02:29]} d6 {[%emt 0:06:43]} 13. b4 {[%emt 0:04:32]} Nd7 {[%emt 0:07:43]} 14. c5 {[%emt 0:03:49]} dxc5 {[%emt 0:02:42]} 15. dxc5 {[%emt 0:01:57]} Nf6 {[%emt 0:10:32]} 16. c6 {[%emt 0:04:23]} Nd5 {[%emt 0:10:16]} 17. Qe5 {[%emt 0:00:43]} Bc8 {[%emt 0:00:13]} 18. Bc4 {[%emt 0:05:09]} b5 {[%emt 0:18:52]} 19. Bxd5 {[%emt 0:04:09]} exd5 {[%emt 0:00:24]} 20. Rhd1 {[%emt 0:04:15]} axb4 {[%emt 0:03:10]} 21. axb4 {[%emt 0:00:08]} Rxa1 {[%emt 0:00:17]} 22. Rxa1 {[%emt 0:00:20]} Re8 {[%emt 0:00:51]} 23. Qd4 {[%emt 0:03:34]} Re4 {[%emt 0:10:21]} 24. Qc5 {[%emt 0:01:32]} Rc4 {[%emt 0:10:33]} 25. Qxb5 {[%emt 0:01:12]} Rc2+ {[%emt 0:01:16]} 26. Nd2 {[%emt 0:00:16]} f4 {[%emt 0:00:45]} 27. Kd1 {[%emt 0:17:08]} Rb2 {[%emt 0:04:06]} 28. Kc1 {[%emt 0:04:58]} Qf6 {[%emt 0:01:48]} 29. Qxd5+ {[%emt 0:00:58]} Be6 {[%emt 0:02:13]} 30. Ra8+ {[%emt 0:00:14]} Kf7 {[%emt 0:00:17]} 31. Qh5+ {[%emt 0:00:20]} Ke7 {[%emt 0:02:33]} 32. Re8+ {[%emt 0:00:11]} Kd6 {[%emt 0:00:05]} 33. Qc5# {[%emt 0:00:04]} 1-0

[Event "Fagernes International 2022"]
[Site "Fagernes"]
[Date "2022.04.12"]
[Round "3.5"]
[White "Stromhaug, Kristoffer Wang"]
[Black "Carlin, Tormod"]
[Result "1/2-1/2"]
[WhiteElo "1694"]
[BlackElo "1630"]
[Annotator "NA RC"]
[PlyCount "114"]
[EventDate "2022.04.10"]
[EventCountry "NOR"]
[SourceTitle "playchess.com"]
[Source "ChessBase"]
[SourceQuality "1"]

1. e4 {[%emt 0:00:01]} c5 {[%emt 0:00:05]} 2. Nf3 {[%emt 0:00:11]} Nc6 {[%emt 0:00:05]} 3. d4 {[%emt 0:00:08]} cxd4 {[%emt 0:00:05]} 4. Nxd4 {[%emt 0:00:09]} Nf6 {[%emt 0:00:01]} 5. Nc3 {[%emt 0:00:25]} d6 {[%emt 0:00:10]} 6. f3 {[%emt 0:01:22]} e5 {[%emt 0:00:42]} 7. Nb3 {[%emt 0:01:15]} Be6 {[%emt 0:00:15]} 8. Nd5 {[%emt 0:01:45]} Bxd5 {[%emt 0:01:31]} 9. exd5 {[%emt 0:00:07]} Nb8 {[%emt 0:00:06]} 10. Be3 Nbd7 {[%emt 0:01:59]} 11. Be2 Be7 {[%emt 0:06:12]} 12. O-O O-O {[%emt 0:01:24]} 13. c4 Ne8 {[%emt 0:11:25]} 14. Rc1 Rc8 {[%emt 0:04:34]} 15. f4 {[%emt 0:04:24]} b6 {[%emt 0:03:03]} 16. f5 {[%emt 0:05:29]} Bg5 {[%emt 0:03:29]} 17. Qd2 {[%emt 0:00:18]} Bxe3+ {[%emt 0:00:22]} 18. Qxe3 {[%emt 0:00:06]} Nef6 {[%emt 0:00:27]} 19. a4 {[%emt 0:14:38]} Nc5 {[%emt 0:02:33]} 20. Nd2 {[%emt 0:04:47]} a5 {[%emt 0:03:02]} 21. b3 {[%emt 0:01:06]} Qc7 {[%emt 0:01:01]} 22. g4 {[%emt 0:02:36]} Na6 {[%emt 0:04:29]} 23. g5 {[%emt 0:03:24]} Nd7 {[%emt 0:01:27]} 24. Ne4 {[%emt 0:01:19]} f6 {[%emt 0:05:51]} 25. Kh1 {[%emt 0:02:42]} Nac5 {[%emt 0:03:13]} 26. gxf6 {[%emt 0:02:33]} Nxe4 {[%emt 0:04:54]} 27. fxg7 {[%emt 0:01:48]} Rf7 {[%emt 0:00:13]} 28. Qxe4 {[%emt 0:00:09]} Nf6 {[%emt 0:00:14]} 29. Qe3 Kxg7 {[%emt 0:03:08]} 30. Rg1+ Kh8 31. Rcf1 Rg8 32. Qh6 Qe7 33. Bh5 Nxh5 34. Qxh5 Rfg7 {[%emt 0:18:08]} 35. Rxg7 Qxg7 36. Qh3 Qg4 37. Qxg4 Rxg4 {[%emt 0:15:22]} 38. Rf3 e4 {[%emt 0:10:48]} 39. Re3 {[%emt 0:01:03]} Kg7 {[%emt 0:01:41]} 40. h3 {[%emt 0:01:19]} Rf4 {[%emt 0:00:39]} 41. Rg3+ {[%emt 0:04:57]} Kf6 {[%emt 0:00:34]} 42. Kg2 {[%emt 0:01:26]} Rxf5 {[%emt 0:00:34]} 43. h4 {[%emt 0:06:30]} Ke5 {[%emt 0:00:33]} 44. Rg7 {[%emt 0:01:10]} Kd4 {[%emt 0:00:30]} 45. Rxh7 {[%emt 0:00:12]} e3 {[%emt 0:00:09]} 46. h5 {[%emt 0:00:36]} e2 {[%emt 0:00:10]} 47. Re7 {[%emt 0:00:03]} Kd3 {[%emt 0:00:09]} 48. h6 {[%emt 0:00:39]} Re5 {[%emt 0:00:19]} 49. Rxe5 {[%emt 0:00:33]} dxe5 {[%emt 0:00:11]} 50. h7 {[%emt 0:00:16]} e1=Q {[%emt 0:00:11]} 51. h8=Q {[%emt 0:00:11]} Qe2+ {[%emt 0:00:12]} 52. Kg1 {[%emt 0:02:01]} Qg4+ {[%emt 0:04:07]} 53. Kh2 {[%emt 0:00:29]} Qf4+ {[%emt 0:00:14]} 54. Kg2 {[%emt 0:01:04]} Qg4+ {[%emt 0:01:04]} 55. Kh2 {[%emt 0:00:14]} Qf4+ {[%emt 0:00:28]} 56. Kg2 {[%emt 0:00:06]} Qg4+ {[%emt 0:00:05]} 57. Kh2 {[%emt 0:00:18]} Qf4+ {[%emt 0:00:08]} 1/2-1/2

[Event "Fagernes International 2022"]
[Site "Fagernes"]
[Date "2022.04.12"]
[Round "3.6"]
[White "Lund, Terje"]
[Black "Andersen, Edvard"]
[Result "1-0"]
[WhiteElo "2020"]
[BlackElo "1534"]
[Annotator "RC"]
[PlyCount "41"]
[EventDate "2022.04.10"]
[EventCountry "NOR"]
[SourceTitle "playchess.com"]
[Source "ChessBase"]
[SourceQuality "1"]

1. d4 {[%emt 0:00:02]} Nc6 {[%emt 0:00:07]} 2. Nf3 {[%emt 0:00:18]} Nf6 {[%emt 0:00:11]} 3. c4 {[%emt 0:00:27]} e6 {[%emt 0:00:07]} 4. Nc3 {[%emt 0:01:28]} Bb4 {[%emt 0:00:27]} 5. Qc2 {[%emt 0:00:57]} d5 {[%emt 0:02:53]} 6. e3 {[%emt 0:02:45]} O-O {[%emt 0:01:50]} 7. Bd3 {[%emt 0:03:09]} Re8 {[%emt 0:03:13]} 8. O-O {[%emt 0:12:12]} dxc4 {[%emt 0:09:57]} 9. Bxc4 {[%emt 0:00:02]} e5 {[%emt 0:15:14]} 10. Ng5 {[%emt 0:12:30]} Rf8 {[%emt 0:14:18]} 11. dxe5 {[%emt 0:13:59]} Nxe5 {[%emt 0:02:36]} 12. Nd5 {[%emt 0:00:28]} Nf3+ {[%emt 0:05:37]} 13. gxf3 {[%emt 0:00:40]} g6 {[%emt 0:04:21]} 14. Nxb4 {[%emt 0:00:22]} Nh5 {[%emt 0:01:30]} 15. e4 {[%emt 0:03:15]} h6 {[%emt 0:01:57]} 16. Rd1 {[%emt 0:07:33]} Qe7 {[%emt 0:02:38]} 17. Bxf7+ {[%emt 0:02:36]} Rxf7 {[%emt 0:00:08]} 18. Nxf7 {[%emt 0:00:11]} Qxf7 {[%emt 0:00:12]} 19. Rd8+ {[%emt 0:01:07]} Kh7 {[%emt 0:00:20]} 20. Qc3 {[%emt 0:01:28]} Nf6 {[%emt 0:01:22]} 21. Nd5 {[%emt 0:00:26]} 1-0

[Event "Fagernes International 2022"]
[Site "Fagernes"]
[Date "2022.04.12"]
[Round "3.7"]
[White "Fiskaaen, Martin Holten"]
[Black "Johannessen, Theo N"]
[Result "1-0"]
[WhiteElo "1880"]
[BlackElo "1766"]
[Annotator "NA RC"]
[PlyCount "77"]
[EventDate "2022.04.10"]
[EventCountry "NOR"]
[SourceTitle "playchess.com"]
[Source "ChessBase"]
[SourceQuality "1"]

1. d4 {[%emt 0:00:03]} Nf6 {[%emt 0:00:10]} 2. c4 {[%emt 0:00:06]} g6 {[%emt 0:00:06]} 3. Nc3 {[%emt 0:00:07]} d5 {[%emt 0:00:18]} 4. cxd5 {[%emt 0:00:07]} Nxd5 {[%emt 0:00:11]} 5. Bd2 {[%emt 0:00:05]} Bg7 {[%emt 0:00:11]} 6. e4 {[%emt 0:00:12]} Nxc3 {[%emt 0:00:08]} 7. Bxc3 {[%emt 0:00:06]} c5 {[%emt 0:00:37]} 8. d5 {[%emt 0:00:07]} Bxc3+ {[%emt 0:00:12]} 9. bxc3 {[%emt 0:00:06]} O-O {[%emt 0:00:17]} 10. Nf3 {[%emt 0:00:27]} e6 {[%emt 0:00:21] is more profitable than 10...Qa5 at the moment.} 11. d6 {[%emt 0:00:15]} Bd7 {[%emt 0:00:23]} 12. Qd2 {[%emt 0:01:07]} Bc6 {[%emt 0:01:13] [#]} 13. h4 $146 {[%emt 0:03:22]} ({Predecessor:} 13. Be2 Bxe4 14. O-O Nd7 15. Qe3 Bd5 16. c4 Bc6 17. Ne5 Nxe5 18. Qxe5 b6 19. Rad1 {0-1 (51) Susla,V (2323)-Corti,H (2278) LSS email 2015}) 13... Bxe4 {[%emt 0:02:42]} 14. Ng5 {[%emt 0:00:24]} Bd5 {[%emt 0:01:36]} 15. h5 {[%emt 0:01:48]} Qxd6 {[%emt 0:35:40]} 16. O-O-O {[%emt 0:01:42]} Qe5 {[%emt 0:08:42]} 17. Bd3 {[%emt 0:32:59]} Nc6 {[%emt 0:18:41]} 18. Nxh7 {[%emt 0:08:29]} Kxh7 {[%emt 0:09:38]} 19. hxg6+ {[%emt 0:00:26]} Kg8 {[%emt 0:02:54]} 20. g7 {[%emt 0:13:10]} Qxg7 {[%emt 0:02:32]} 21. Bh7+ {[%emt 0:01:23]} Kh8 {[%emt 0:00:09]} 22. Rh5 {[%emt 0:04:09]} f6 {[%emt 0:01:28]} 23. Rdh1 {[%emt 0:02:41]} Rf7 {[%emt 0:12:06]} 24. Bg6+ {[%emt 0:00:35]} Kg8 {[%emt 0:00:12]} 25. Rh8+ {[%emt 0:00:32]} Qxh8 {[%emt 0:00:11]} 26. Rxh8+ {[%emt 0:00:07]} Kxh8 {[%emt 0:00:08]} 27. Bxf7 {[%emt 0:00:19]} Kg7 {[%emt 0:00:32]} 28. Bh5 {[%emt 0:00:29]} Rh8 {[%emt 0:01:23]} 29. g4 {[%emt 0:08:20]} Ne5 {[%emt 0:01:42]} 30. f4 {[%emt 0:02:00]} Nc4 $18 {[%emt 0:01:02]} 31. Qe2 {[%emt 0:03:05]} b5 {[%emt 0:02:00]} 32. Qf2 {[%emt 0:00:52]} Rc8 {[%emt 0:00:48]} 33. Qc2 {[%emt 0:01:34]} f5 {[%emt 0:01:15]} 34. gxf5 {[%emt 0:00:23]} Kf6 {[%emt 0:01:00]} 35. fxe6 {[%emt 0:03:38]} Rg8 {[%emt 0:00:59]} 36. Qf2 {[%emt 0:01:20]} Rg2 {[%emt 0:00:51]} 37. Qxc5 {[%emt 0:00:46]} Rxa2 {[%emt 0:02:50]} 38. Qf8+ {[%emt 0:01:10]} Kxe6 {[%emt 0:00:13]} 39. Bg4# {[%emt 0:00:11]} 1-0

[Event "Fagernes International 2022"]
[Site "Fagernes"]
[Date "2022.04.12"]
[Round "3.8"]
[White "Lye, Sigurd"]
[Black "Reinhardt, Johannes"]
[Result "0-1"]
[WhiteElo "1810"]
[BlackElo "1893"]
[Annotator "NA RC"]
[PlyCount "124"]
[EventDate "2022.04.10"]
[EventCountry "NOR"]
[SourceTitle "playchess.com"]
[Source "ChessBase"]
[SourceQuality "1"]

1. e4 {[%emt 0:00:02]} Nc6 {[%emt 0:00:07]} 2. Nf3 {[%emt 0:00:04]} e5 {[%emt 0:00:07]} 3. d4 {[%emt 0:00:05]} exd4 {[%emt 0:00:41]} 4. Bc4 {[%emt 0:00:06]} Nf6 {[%emt 0:21:20]} 5. e5 {[%emt 0:00:12]} d5 {[%emt 0:01:25]} 6. Bb5 {[%emt 0:00:13]} Ne4 {[%emt 0:04:31]} 7. Nxd4 {[%emt 0:00:17]} Bd7 {[%emt 0:05:27]} 8. Bxc6 {[%emt 0:00:18]} bxc6 {[%emt 0:01:17]} 9. O-O {[%emt 0:00:15]} Bc5 {[%emt 0:07:20]} 10. f3 {[%emt 0:00:15]} Ng5 {[%emt 0:01:26]} 11. Be3 {[%emt 0:00:07]} Ne6 {[%emt 0:06:44]} 12. f4 {[%emt 0:07:04]} O-O {[%emt 0:11:25]} 13. f5 {[%emt 0:25:07]} Nxd4 {[%emt 0:00:20]} 14. Bxd4 {[%emt 0:00:09]} Bxd4+ {[%emt 0:00:34]} 15. Qxd4 {[%emt 0:00:05]} Qg5 {[%emt 0:00:14]} 16. Qf2 {[%emt 0:31:40]} g6 {[%emt 0:08:03]} 17. f6 {[%emt 0:00:43]} Qxe5 {[%emt 0:00:32]} 18. Nc3 {[%emt 0:02:42]} Rfe8 {[%emt 0:11:12]} 19. Rae1 {[%emt 0:01:16]} Qd6 {[%emt 0:00:23]} 20. Rxe8+ {[%emt 0:06:24]} Rxe8 {[%emt 0:00:11]} 21. Qxa7 {[%emt 0:00:23]} d4 {[%emt 0:00:33]} 22. Nd1 {[%emt 0:04:31]} c5 {[%emt 0:02:47]} 23. Qa5 {[%emt 0:01:25]} Bc6 {[%emt 0:06:17]} 24. Qd2 {[%emt 0:00:55]} Re6 {[%emt 0:00:20]} 25. Qg5 {[%emt 0:01:34]} Bb5 {[%emt 0:01:19]} 26. Qh6 {[%emt 0:05:32]} Qf8 {[%emt 0:03:44]} 27. Qh4 {[%emt 0:02:04]} Bxf1 {[%emt 0:00:15]} 28. Kxf1 {[%emt 0:00:01]} Qd8 {[%emt 0:00:39]} 29. Nf2 {[%emt 0:00:37]} Qxf6 {[%emt 0:00:20]} 30. Qg3 {[%emt 0:00:22]} Qe5 {[%emt 0:01:48]} 31. Qxe5 {[%emt 0:00:11]} Rxe5 {[%emt 0:00:05]} 32. Nd3 {[%emt 0:00:07]} Re6 {[%emt 0:01:09]} 33. Nxc5 {[%emt 0:01:07]} Rb6 {[%emt 0:03:29]} 34. b3 {[%emt 0:00:50]} Rb5 {[%emt 0:00:48]} 35. Nd7 {[%emt 0:03:02]} f5 {[%emt 0:01:47]} 36. a4 {[%emt 0:01:40]} Ra5 {[%emt 0:00:12]} 37. Ke2 {[%emt 0:00:26]} Kf7 {[%emt 0:01:21]} 38. Nb8 {[%emt 0:01:56]} c5 {[%emt 0:02:43]} 39. Kd3 {[%emt 0:00:50]} Ke6 {[%emt 0:00:56]} 40. Nc6 {[%emt 0:00:57]} Ra6 {[%emt 0:00:37]} 41. Nd8+ {[%emt 0:01:40]} Kd5 {[%emt 0:02:45]} 42. Nf7 {[%emt 0:00:42]} Re6 {[%emt 0:02:11]} 43. Ng5 {[%emt 0:01:44]} Re3+ {[%emt 0:01:31]} 44. Kd2 {[%emt 0:00:28]} h6 {[%emt 0:02:28]} 45. Nf3 {[%emt 0:01:27]} g5 {[%emt 0:01:49]} 46. Ne1 {[%emt 0:00:52]} c4 {[%emt 0:02:27]} 47. bxc4+ {[%emt 0:00:17]} Kxc4 {[%emt 0:00:11]} 48. Nd3 {[%emt 0:00:42]} Rxd3+ {[%emt 0:12:17]} 49. cxd3+ {[%emt 0:00:12]} Kb4 {[%emt 0:00:04]} 50. Ke2 {[%emt 0:00:48]} Kxa4 {[%emt 0:00:12]} 51. Kf3 {[%emt 0:01:15]} Kb4 {[%emt 0:00:13]} 52. g4 {[%emt 0:00:31]} f4 {[%emt 0:01:59]} 53. Ke4 {[%emt 0:00:23]} Kc3 {[%emt 0:00:05]} 54. h3 {[%emt 0:00:08]} f3 {[%emt 0:00:08]} 55. Kxf3 {[%emt 0:00:03]} Kxd3 {[%emt 0:00:04]} 56. Kg3 {[%emt 0:00:17]} Ke3 {[%emt 0:00:08]} 57. h4 {[%emt 0:00:04]} d3 {[%emt 0:00:06]} 58. hxg5 {[%emt 0:00:06]} hxg5 {[%emt 0:00:04]} 59. Kh3 {[%emt 0:00:20]} d2 {[%emt 0:00:05]} 60. Kg2 {[%emt 0:00:04]} d1=Q {[%emt 0:00:18]} 61. Kh3 {[%emt 0:00:09]} Kf2 {[%emt 0:00:15]} 62. Kh2 {[%emt 0:00:12]} Qg1+ {[%emt 0:00:08]} 0-1

[Event "Fagernes International 2022"]
[Site "Fagernes"]
[Date "2022.04.12"]
[Round "3.9"]
[White "Flatebo, Hallvard Haug"]
[Black "Stai, Sondre"]
[Result "0-1"]
[WhiteElo "1886"]
[BlackElo "1685"]
[Annotator "NA RC"]
[PlyCount "182"]
[EventDate "2022.04.10"]
[EventCountry "NOR"]
[SourceTitle "playchess.com"]
[Source "ChessBase"]
[SourceQuality "1"]

1. d4 {[%emt 0:00:01]} d5 {[%emt 0:00:08]} 2. c4 {[%emt 0:00:07]} c6 {[%emt 0:00:07]} 3. Nf3 {[%emt 0:00:05]} Nf6 {[%emt 0:00:07]} 4. g3 {[%emt 0:00:13]} g6 {[%emt 0:01:23]} 5. Bg2 {[%emt 0:00:13]} Bg7 {[%emt 0:00:07]} 6. O-O {[%emt 0:00:12]} O-O {[%emt 0:00:37]} 7. b3 {[%emt 0:01:22]} Bf5 {[%emt 0:04:19]} 8. Bb2 {[%emt 0:02:09]} Nbd7 {[%emt 0:03:54]} 9. Nc3 {[%emt 0:03:30] 9.e3 is becoming the main line.} Qb6 {[%emt 0:05:12]} 10. cxd5 {[%emt 0:02:20]} cxd5 {[%emt 0:00:37]} 11. Nh4 {[%emt 0:02:17]} Be6 {[%emt 0:04:36]} 12. Qd2 {[%emt 0:01:31] [#]} Rac8 $146 {[%emt 0:05:00]} ({Predecessor:} 12... h6 13. e3 Rfc8 14. Rfc1 g5 15. Nf3 Bf5 16. Qd1 Qa5 17. a4 e6 18. h4 gxh4 19. Nxh4 {½-½ (40) Wichert,G (2349)-Reichelt,H (2305) ICCF email 2021}) 13. Rac1 {[%emt 0:03:44]} Rfd8 {[%emt 0:01:26]} 14. Rfd1 {[%emt 0:03:05]} a6 {[%emt 0:03:40]} 15. Rc2 {[%emt 0:04:27]} Qa7 {[%emt 0:13:22]} 16. Rdc1 {[%emt 0:04:12]} Qb8 {[%emt 0:00:09]} 17. Ba3 {[%emt 0:06:38]} Bf8 {[%emt 0:00:30]} 18. f4 {[%emt 0:05:25]} h6 {[%emt 0:04:38]} 19. Qd3 {[%emt 0:03:29]} b5 {[%emt 0:03:15]} 20. Bb4 {[%emt 0:01:28]} Nb6 {[%emt 0:09:01]} 21. a3 {[%emt 0:05:23]} Rc7 {[%emt 0:10:54]} 22. f5 {[%emt 0:02:47]} gxf5 {[%emt 0:00:31]} 23. Nxf5 {[%emt 0:00:15]} Bxf5 {[%emt 0:02:28]} 24. Qxf5 {[%emt 0:00:07]} Qc8 {[%emt 0:09:16]} 25. Qd3 {[%emt 0:05:38]} Qd7 {[%emt 0:03:55]} 26. Rf1 {[%emt 0:05:42]} Bg7 {[%emt 0:04:24]} 27. e3 {[%emt 0:01:55]} Rdc8 {[%emt 0:02:07]} 28. Ba5 {[%emt 0:06:13]} Qe6 {[%emt 0:00:38]} 29. Rf5 {[%emt 0:04:34]} Ne4 {[%emt 0:02:12]} 30. Bh3 {[%emt 0:05:22]} Nxc3 {[%emt 0:03:24]} 31. Rxc3 {[%emt 0:02:07]} Rxc3 {[%emt 0:00:08]} 32. Bxc3 {[%emt 0:00:34]} Qg6 {[%emt 0:01:42]} 33. Qd2 {[%emt 0:04:25]} Qc6 {[%emt 0:03:14]} 34. Ba5 {[%emt 0:01:12]} Nd7 {[%emt 0:01:04]} 35. Rf2 {[%emt 0:03:51]} e6 {[%emt 0:01:00]} 36. Bf1 {[%emt 0:01:11]} Qc1 {[%emt 0:01:41]} 37. a4 {[%emt 0:05:06]} bxa4 {[%emt 0:03:18]} 38. bxa4 {[%emt 0:00:12]} Nf6 {[%emt 0:00:10]} 39. Kg2 {[%emt 0:08:50]} Ng4 {[%emt 0:03:28]} 40. Re2 {[%emt 0:04:47]} Nxh2 {[%emt 0:02:20]} 41. Qxc1 {[%emt 0:03:21]} Rxc1 {[%emt 0:01:00]} 42. Kxh2 {[%emt 0:01:10]} Rxf1 {[%emt 0:00:11]} 43. Be1 {[%emt 0:00:16]} Kh7 {[%emt 0:04:28]} 44. a5 {[%emt 0:01:00]} e5 {[%emt 0:02:20]} 45. Kg2 {[%emt 0:00:41]} Rf5 {[%emt 0:00:13]} 46. Bc3 {[%emt 0:05:18]} Kg6 {[%emt 0:06:39]} 47. Rb2 {[%emt 0:00:58]} Kg5 {[%emt 0:00:34]} 48. Rb8 {[%emt 0:00:56]} exd4 {[%emt 0:02:26]} 49. exd4 {[%emt 0:06:12]} Rf6 {[%emt 0:02:34]} 50. Rg8 {[%emt 0:03:53]} Rg6 {[%emt 0:00:42]} 51. Rd8 {[%emt 0:00:30]} Kg4 {[%emt 0:03:00]} 52. Rxd5 {[%emt 0:06:50]} Rc6 {[%emt 0:00:12]} 53. Be1 {[%emt 0:00:08]} Rc2+ {[%emt 0:00:10]} 54. Bf2 {[%emt 0:00:15]} Ra2 {[%emt 0:01:46]} 55. Rd7 {[%emt 0:01:03]} Bf6 {[%emt 0:06:31]} 56. Rxf7 {[%emt 0:04:57]} Bg5 {[%emt 0:00:39]} 57. Rf3 {[%emt 0:03:49]} Rxa5 {[%emt 0:00:29]} 58. Rd3 {[%emt 0:00:09]} Rd5 {[%emt 0:01:42]} 59. Kf1 {[%emt 0:01:42]} Kf5 {[%emt 0:01:23]} 60. Ke2 {[%emt 0:00:39]} Ke4 {[%emt 0:00:49]} 61. Ra3 {[%emt 0:01:24]} a5 {[%emt 0:00:14]} 62. Ra4 {[%emt 0:00:25]} Rb5 {[%emt 0:02:25]} 63. Ra2 {[%emt 0:02:07]} Bf6 {[%emt 0:00:13]} 64. Ra4 {[%emt 0:00:57]} Rb2+ {[%emt 0:01:43]} 65. Kf1 {[%emt 0:00:08]} Rb5 {[%emt 0:03:33]} 66. Kg2 {[%emt 0:01:01]} Rd5 {[%emt 0:00:17]} 67. Bg1 {[%emt 0:01:28]} Kd3 {[%emt 0:01:06]} 68. Bf2 {[%emt 0:00:50]} Bd8 {[%emt 0:01:12]} 69. Be1 {[%emt 0:01:50]} Kc2 {[%emt 0:00:17]} 70. Rc4+ {[%emt 0:01:43]} Kb3 {[%emt 0:01:18]} 71. Rc3+ {[%emt 0:00:13]} Kb2 {[%emt 0:00:06]} 72. Rc4 {[%emt 0:00:05]} Bb6 {[%emt 0:00:18]} 73. Rc6 {[%emt 0:01:53]} Bxd4 {[%emt 0:00:23]} 74. Bxa5 $15 {[%emt 0:00:20]} Rxa5 {[%emt 0:00:43]} 75. Rxh6 {[%emt 0:00:05]} Kc3 {[%emt 0:01:20]} 76. Re6 {[%emt 0:00:15]} Kc4 {[%emt 0:00:26]} 77. Re8 {[%emt 0:00:06]} Kd5 {[%emt 0:00:15]} 78. g4 {[%emt 0:00:34]} Ra3 {[%emt 0:00:22]} 79. g5 {[%emt 0:00:10]} Be5 {[%emt 0:00:10]} 80. Kf2 {[%emt 0:00:30]} Ke4 {[%emt 0:00:23]} 81. g6 {[%emt 0:00:37]} Ra2+ {[%emt 0:00:12]} 82. Ke1 {[%emt 0:00:31]} Rg2 {[%emt 0:00:43]} 83. Ra8 {[%emt 0:00:39]} Rxg6 {[%emt 0:00:11]} 84. Kf1 {[%emt 0:00:44]} Rh6 {[%emt 0:02:22]} 85. Ra4+ {[%emt 0:00:30]} Bd4 {[%emt 0:00:09]} 86. Ra2 {[%emt 0:01:09]} Kf3 {[%emt 0:00:38]} 87. Rf2+ {[%emt 0:00:25]} Ke4 {[%emt 0:00:47]} 88. Ra2 {[%emt 0:00:27]} Rg6 {[%emt 0:00:24]} 89. Rh2 {[%emt 0:01:09]} Kd3 {[%emt 0:01:12]} 90. Rg2 {[%emt 0:00:50]} Rf6+ {[%emt 0:02:00]} 91. Ke1 {[%emt 0:00:17]} Bc3+ {[%emt 0:00:12]} 0-1